000 00500nam a2200181Ia 4500
001 17160
005 20260306170404.0
008 260306t2002||||xx |||||||||||||| ||und||
041 _aESP
082 _a657.48
_bF41
100 _aFernández Iparraguirre, José Luis
_eAUT
245 0 _aContabilidad financiera para directivos:
_bcómo leer e interpretar las cuentas anuales
260 _c2002
300 _a227 páginas :
_c24 cm.
650 _aGEN
654 _aCCO
942 _cLIB
_dJUS
_fJUS
_2ddc
_n
999 _c17160
_d17160